| 000 | 00865nam a2200253Ia 4500 | ||
|---|---|---|---|
| 003 | OSt | ||
| 005 | 20221005105635.0 | ||
| 006 | a|||||r|||| 00| 0 | ||
| 007 | ta | ||
| 008 | 221004b |||||||| |||| 00| 0 hin d | ||
| 020 |
_a8181433238 (hbk) _c150 |
||
| 024 | _a104588 | ||
| 037 |
_b371, 17/02/2011, Vani Prakashan _cTextual |
||
| 040 |
_aCRL _cCRL _bhin |
||
| 041 |
_2hin _ahin |
||
| 082 | _aO152,1NHAx, P5 | ||
| 100 | _aहस्तीमल ‘हस्ती’ | ||
| 245 | 0 | _aकुछ और तरह से भी | |
| 246 | _aKuchh aur tarah se bhī | ||
| 260 |
_aनई दिल्ली _bवाणी प्रकाशन भारत _c2005 |
||
| 300 |
_a94पृ0 _ccm. |
||
| 942 |
_hO152,1NHAx, P5 _cTEXL _2cc |
||
| 999 |
_c1016436 _d1016436 |
||